Every 6A Minnesota High School Football Team - Statistics

General Stats
  • This quiz has been taken 21 times
  • The average score is 25 of 31
Answer Stats
Team name School % Correct
Bengals Blaine
100%
Hornets Edina
100%
Crimson Maple Grove
100%
Skippers Minnetonka
100%
Tornadoes Anoka
93%
Rebels Champlin Park
93%
Lightning Eastview
93%
Rangers Forest Lake
93%
Mustangs Mounds View
93%
Lakers Prior Lake
93%
Ponies Stillwater
93%
Bears White Bear Lake
93%
Bison Buffalo
87%
Cardinals Coon Rapids
87%
Cougars Lakeville South
87%
Orioles Osseo
87%
Sabres Shakopee
87%
Knights St. Michael Albertville
87%
Blaze Burnsville
80%
Eagles Eden Prairie
80%
Panthers Lakeville North
80%
Trojans Wayzata
80%
Raptors East Ridge
73%
Wolfpack Park
73%
Cougars Centennial
67%
Tigers Farmington
67%
Wildcats Eagan
60%
Royals Rogers
60%
Raiders Roseville
60%
Royals Woodbury
60%
Spartans Rochester Mayo
27%
No matching quizzes found
Score Distribution
Percent of People with Each Score
Percentile by Number Answered
Your Score History
You have not taken this quiz